[Event "Selfoss Chess Festival 2019"]
[Site "Selfoss"]
[Date "2019.11.19"]
[Round "1.1"]
[White "Adly, Ahmed"]
[Black "Gretarsson, Helgi Ass"]
[Result "1/2-1/2"]
[WhiteElo "2607"]
[BlackElo "2415"]
[Annotator "TA"]
[PlyCount "159"]
[EventDate "2019.11.19"]
[EventCountry "ISL"]
[SourceTitle "playchess.com"]
[Source "ChessBase"]
[SourceQuality "1"]

{[%evp 16,159,0,0,0,0,0,0,1,0,41,38,41,33,36,38,38,38,112,126,114,103,103,44,52,0,0,0,0,0,0,0,0,0,0,0,0,-63,-12,-18,0,-45,-43,-63,-36,-105,-100,-100,-109,-210,-208,-203,-195,-153,-159,-259,-170,-170,-170,-170,-170,-170,-170,-155,-59,-146,-146,-146,-137,-146,-144,-144,-143,-145,-132,-137,-134,-135,-122,-129,-125,-114,-112,-104,-64,-79,-78,-76,-72,-64,-65,-72,-64,-64,-64,-64,-64,-131,-127,-116,-76,-78,-59,-154,-156,-156,-59,-182,-175,-175,-168,-143,-66,-72,-26,-40,-8,-8,-8,-8,-8,-8,-8,-8,-2,-2,-2,-2,-2,-2,-2,-2,0,0,0,0,0,0,0,0,0,0,0,0,0,0]} 1. d4 d5 2. Nf3 Nf6 3. g3 c6 4. Bg2 Bf5 5. O-O h6 6. c4 e6 7. Nc3 Nbd7 8. Qb3 Qb6 9. c5 Qa6 {D11: Slav Defence: 3 Nf3 sidelines and 3...Nf6 4 e3 Bg4} (9... Qc7 10. Bf4 Qc8 11. Nd2 g5 12. Bd6 Bxd6 13. cxd6 O-O 14. f3 c5 15. e4 Bg6 16. Rac1 Qc6 17. e5 {1-0 (34) Stupak,K (2588)-Rodshtein,M (2699) Katowice 2017}) 10. Bf4 b6 11. cxb6 axb6 12. Ne5 Nxe5 (12... g5 $5 {[%cal Rg5f4]} 13. Nxd7 Nxd7 $11) 13. dxe5 Nd7 14. e4 Nc5 15. Qc2 Bh7 16. b4 Nd7 $146 (16... Nxe4 $14 17. Nxe4 c5) ({Predecessor:} 16... Nxe4 17. Nxe4 {1-0 (40) Araque,R (2332)-Olzem,L (2215) Los Inmortales 2004}) 17. b5 $1 $16 {[%cal Rb5a6]} cxb5 18. Qe2 $1 dxe4 19. Rfd1 (19. Nxb5 $16 Qb7 20. Rfd1) 19... Nc5 $14 20. Nxe4 ({Better is} 20. Nxb5 $14 Qb7 21. Rab1) 20... Bxe4 21. Bxe4 Nxe4 22. Qxe4 {White wants to mate with Qc6+.} Bc5 23. Qc6+ Kf8 24. Rd7 Kg8 25. Qf3 Qa3 26. Qh5 (26. Be3 $11 Rf8 27. Rc1) 26... Rf8 (26... g6 $15 27. Qe2 b4) 27. Qe2 $1 $11 Qa4 28. Rad1 Qc4 29. R1d3 Kh7 30. Qd2 (30. Qf3 $15) 30... Ra8 $36 {[%mdl 2048] Black is on the roll.} 31. Bxh6 Qxa2 ({Wrong is} 31... gxh6 $2 32. Rxf7+ Kg8 33. Rf4 $18) ({Don't play} 31... Rxa2 $6 32. Qg5 $11) 32. Rxf7 (32. Kg2 $17 {was worth a try.}) 32... Qxd2 $1 $19 33. Bxd2 Rhd8 $1 {[%cal Rd8d3]} 34. Rff3 b4 35. Kf1 (35. Rxd8 $17 {only move.} Rxd8 36. Be1) 35... b3 {Threatens to win with ...b2.} 36. Rxd8 Rxd8 {[%mdl 4096] Endgame KRB-KRB} 37. Ke2 Rf8 $1 {[%cal Rf8f3]} 38. Rxb3 Rxf2+ {[%mdl 64] Double Attack} 39. Kd3 Rxh2 (39... Kg6 $1 $17 40. Rb1 Rxh2) 40. Bf4 (40. Be3 $15) 40... Kg6 $17 41. Ke4 Re2+ 42. Kf3 Rf2+ 43. Kg4 Ra2 44. Rb1 Ra5 45. Rc1 Ra4 46. Rc2 Rd4 47. Ra2 Rd7 48. Ra8 Rb7 $1 49. Rc8 Be7 50. Rc6 Kf7 51. Kf3 b5 52. Bc1 b4 53. Bb2 Rd7 54. Ke4 Bg5 55. Rb6 Bd2 $1 56. Bd4 (56. Rc6 $1 $15) 56... Rc7 $1 57. Rb5 Bc3 {aiming for ...Rc4.} 58. Bc5 Kg6 59. Bd6 (59. Kf3 $1 $15) 59... Rc4+ 60. Kf3 Be1 ({Black should try} 60... Rd4 $1 $17 61. g4 Rd3+ 62. Ke2 Rd2+ 63. Kf3 Rd1) 61. Rb7 (61. g4 $1 $15) 61... Rc3+ $19 62. Ke4 Rxg3 63. Re7 {[#]} b3 (63... Rg4+ $1 $17 64. Kf3 Rg3+ 65. Kf4 b3 66. Rxe6+ Kh5) 64. Rxe6+ $15 Kh7 {( -> ...b2)} (64... Kh5 $5 {[%cal Rb3b2]} 65. Ba3 {[#]} Bb4 $1 $17 {[%mdl 512]}) 65. Ba3 {[#]} Bb4 $1 {[%mdl 512]} 66. Bb2 $1 {The position is equal.} (66. Bxb4 b2) 66... Rg2 67. Rb6 Rxb2 68. Rxb4 $11 {KR-KR} Rb1 {White must now prevent ...b2.} 69. Kf3 g5 {...b2 is the strong threat.} 70. e6 Kg7 (70... Kg6 $5 71. Re4 $8 Rf1+ 72. Kg2 Rf8 $11) 71. e7 Kf7 72. Rb7 $1 Ke8 73. Kg2 g4 74. Kh2 b2 {Strongly threatening ...g3+!} 75. Kg2 {[#]} g3 $1 {[%mdl 512] Hoping for ...Kf7.} 76. Rb8+ (76. Kxg3 Rg1+) 76... Kxe7 77. Rb6 Kd7 78. Rb8 Kc7 79. Rb3 Kc6 {And now ...Kc5 would win.} 80. Rb8 {Accuracy: White = 63%, Black = 58%.} 1/2-1/2

[Event "Selfoss Chess Festival 2019"]
[Site "Selfoss"]
[Date "2019.11.19"]
[Round "1.2"]
[White "Saduakassova, Dinara"]
[Black "Antipov, Mikhail Al."]
[Result "0-1"]
[WhiteElo "2505"]
[BlackElo "2558"]
[Annotator "ChessBase"]
[PlyCount "46"]
[EventDate "2019.11.19"]
[EventCountry "ISL"]
[SourceTitle "playchess.com"]
[Source "ChessBase"]
[SourceQuality "1"]

1. Nf3 {[%emt 3:28:08]} Nf6 {[%emt 0:00:32]} 2. c4 {[%emt 0:00:18]} g6 {[%emt 0:00:07]} 3. Nc3 {[%emt 0:00:37]} d5 {[%emt 0:00:16]} 4. cxd5 {[%emt 0:01:35]} Nxd5 {[%emt 0:00:07]} 5. h4 {[%emt 0:00:15]} Nxc3 {[%emt 0:02:11]} 6. bxc3 {[%emt 0:05:06]} c5 {[%emt 0:00:28]} 7. h5 {[%emt 0:08:10]} Bg7 {[%emt 0:00:14]} 8. e4 {[%emt 0:02:51]} Nc6 {[%emt 0:04:21]} 9. Bb5 {[%emt 0:07:17]} Bg4 {[%emt 0:03:16]} 10. Qb3 {[%emt 0:10:31]} Bxh5 {[%emt 0:28:13]} 11. Ng5 {[%emt 0:07:24]} O-O {[%emt 0:01:57]} 12. Nxh7 {[%emt 0:06:00]} Kxh7 {[%emt 0:06:36]} 13. g4 {[%emt 0:11:47]} Nd4 {[%emt 0:01:13]} 14. Qb1 {[%emt 0:04:04]} Nf3+ {[%emt 0:09:32]} 15. Ke2 {[%emt 0:00:51]} Qc8 {[%emt 0:01:05]} 16. gxh5 {[%emt 0:04:03]} Qg4 {[%emt 0:00:11]} 17. hxg6+ {[%emt 0:08:37]} Kg8 {[%emt 0:00:19]} 18. Kf1 {[%emt 0:06:16]} Nh4 {[%emt 0:05:36]} 19. Ke1 {[%emt 0:01:12]} Ng2+ {[%emt 0:00:52]} 20. Kf1 {[%emt 0:00:06]} fxg6 {[%emt 0:05:54]} 21. Be2 {[%emt 0:06:28]} Rxf2+ {[%emt 0:00:19]} 22. Kxf2 {[%emt 0:00:15]} Rf8+ {[%emt 0:00:03]} 23. Kg1 {[%emt 0:00:07]} Ne3+ {[%emt 0:01:44]} 0-1

[Event "Selfoss Chess Festival 2019"]
[Site "Selfoss"]
[Date "2019.11.19"]
[Round "1.3"]
[White "Stefansson, Hannes"]
[Black "Lomasov, Semyon"]
[Result "1/2-1/2"]
[WhiteElo "2546"]
[BlackElo "2553"]
[Annotator "ChessBase"]
[PlyCount "59"]
[EventDate "2019.11.19"]
[EventCountry "ISL"]
[SourceTitle "playchess.com"]
[Source "ChessBase"]
[SourceQuality "1"]

1. e4 {[%emt 0:00:13]} e5 {[%emt 0:00:05]} 2. Nf3 {[%emt 0:00:16]} Nc6 {[%emt 0:00:06]} 3. Bb5 {[%emt 0:01:02]} a6 {[%emt 0:00:06]} 4. Ba4 {[%emt 0:00:19]} Nf6 {[%emt 0:00:10]} 5. O-O {[%emt 0:00:51]} Nxe4 {[%emt 0:00:10]} 6. d4 {[%emt 0:01:22]} b5 {[%emt 0:00:07]} 7. Bb3 {[%emt 0:00:23]} d5 {[%emt 0:00:07]} 8. dxe5 {[%emt 0:00:23]} Be6 {[%emt 0:00:10]} 9. Be3 {[%emt 0:03:55]} Be7 {[%emt 0:01:11]} 10. c3 {[%emt 0:03:21]} O-O {[%emt 0:00:37]} 11. Nbd2 {[%emt 0:02:38]} Bg4 {[%emt 0:00:35]} 12. Nxe4 {[%emt 0:04:37]} dxe4 {[%emt 0:00:09]} 13. Qd5 {[%emt 0:01:03]} Qxd5 {[%emt 0:01:02]} 14. Bxd5 {[%emt 0:00:25]} exf3 {[%emt 0:00:08]} 15. Bxc6 {[%emt 0:23:32]} fxg2 {[%emt 0:00:19]} 16. Rfc1 {[%emt 0:05:45]} Rab8 {[%emt 0:00:29]} 17. a4 {[%emt 0:02:52]} b4 {[%emt 0:00:09]} 18. cxb4 {[%emt 0:06:31]} Rxb4 {[%emt 0:01:24]} 19. Bxg2 {[%emt 0:03:05]} c5 {[%emt 0:00:48]} 20. Bxc5 {[%emt 0:04:17]} Bxc5 {[%emt 0:00:07]} 21. Rxc5 {[%emt 0:00:09]} Rxb2 {[%emt 0:04:40]} 22. Rc6 {[%emt 0:02:49]} Rfb8 {[%emt 0:02:19]} 23. h3 {[%emt 0:07:13]} Be6 {[%emt 0:01:30]} 24. Rxa6 {[%emt 0:03:27]} Rb1+ {[%emt 0:00:31]} 25. Rxb1 {[%emt 0:00:07]} Rxb1+ {[%emt 0:00:03]} 26. Kh2 {[%emt 0:00:12]} g5 {[%emt 0:00:04]} 27. a5 {[%emt 0:08:45]} Rb2 {[%emt 0:15:00]} 28. Kg1 {[%emt 0:01:51]} Rb1+ {[%emt 0:12:46]} 29. Kh2 {[%emt 0:00:14]} Rb2 {[%emt 0:00:09]} 30. Kg1 {[%emt 0:02:53]} 1/2-1/2

[Event "Selfoss Chess Festival 2019"]
[Site "Selfoss"]
[Date "2019.11.19"]
[Round "1.4"]
[White "Zhigalko, Sergei"]
[Black "Khademalsharieh, Sarasadat"]
[Result "1-0"]
[WhiteElo "2574"]
[BlackElo "2491"]
[Annotator "TA"]
[PlyCount "79"]
[EventDate "2019.11.19"]
[EventCountry "ISL"]
[SourceTitle "playchess.com"]
[Source "ChessBase"]
[SourceQuality "1"]

{[%evp 12,79,42,35,42,18,23,0,0,0,27,57,44,51,7,7,16,25,13,16,16,14,11,4,6,14,22,31,72,82,139,142,213,104,111,103,111,110,417,-249,421,421,487,445,556,552,532,537,479,387,818,511,794,345,312,345,410,418,414,406,521,393,383,283,386,374,513,485,950,916]} 1. e4 e5 2. Nf3 Nc6 3. Bb5 a6 4. Ba4 Nf6 5. O-O Bc5 6. c3 b5 7. Bc2 d5 {C78: Ruy Lopez: Archangelsk and Möller Defences} 8. d4 (8. a4 dxe4 9. axb5 exf3 10. Qxf3 e4 11. Bxe4 Ne5 12. Qe2 O-O 13. d4 Bg4 14. Qc2 Nxe4 15. Qxe4 {½-½ (58) Dominguez Perez,L (2763)-Caruana,F (2818) Saint Louis 2019}) 8... dxe4 {[%cal Re5d4]} 9. Nbd2 exf3 {The position is equal.} 10. Qxf3 Bb7 {...Nxd4 is the strong threat.} 11. dxc5 Nd4 $146 ({Predecessor:} 11... Qe7 12. Ne4 Nd7 13. Bg5 f6 14. Be3 O-O-O 15. a4 {0-1 (54) Aguero Jimenez,L (2463)-Venkatesh,M (2487) San Sebastian 2018}) 12. Qxb7 Rb8 $1 13. Qxa6 Ra8 14. Qb7 Rb8 $1 15. Qxb8 Ne2+ 16. Kh1 Qxb8 17. Re1 $36 {[%mdl 2048] White fights for an advantage.} Nxc1 18. Rxe5+ Kf8 {And now ...Ng4 would win.} 19. Rxc1 c6 20. Nf3 Ng4 (20... Qa7 $142) 21. Re2 $16 Qa7 (21... g6 $16) 22. Rce1 (22. h3 $18 {and White stays clearly on top.} Nh6 23. Nd4) 22... g6 23. b4 {Threatens to win with h3.} Qxa2 24. Bxg6 $1 Qc4 $2 {[%mdl 8192] [#]} (24... Qa3 $16 {is more resistant.} 25. Bf5 h5) 25. Re8+ $1 $18 Kg7 {[#] White must now prevent ...Rxe8.} 26. Bxf7 $1 {[%mdl 512]} Qxc3 ({Much worse is} 26... Qxf7 27. R8e7 $18) 27. R8e7 Nf6 28. Bd5+ {[%mdl 64] Discovered Attack} Kh6 29. Bxc6 Rf8 30. Bb7 Ng4 $2 (30... Ng8) 31. Kg1 Qb2 (31... Nf6 $142 32. R1e6 Rg8) 32. R7e2 (32. h3 $142 Qxf2+ 33. Kh1) 32... Qxb4 33. h3 ({Much less strong is} 33. Re4 $6 Qc3 $18) 33... Nf6 34. c6 Rf7 35. Re6 Kg7 36. R6e5 h6 37. R1e3 Rc7 38. g3 Qb1+ 39. Kg2 Kf8 (39... Qb4 $142 40. Nh4 Kh7) 40. Nd4 {Accuracy: White = 69%, Black = 44%.} 1-0

[Event "Selfoss Chess Festival 2019"]
[Site "Selfoss"]
[Date "2019.11.19"]
[Round "1.5"]
[White "Steingrimsson, Hedinn"]
[Black "Leitao, Rafael"]
[Result "1/2-1/2"]
[WhiteElo "2549"]
[BlackElo "2606"]
[Annotator "ChessBase"]
[PlyCount "45"]
[EventDate "2019.11.19"]
[EventCountry "ISL"]
[SourceTitle "playchess.com"]
[Source "ChessBase"]
[SourceQuality "1"]

1. e4 {[%emt 0:00:06]} c5 {[%emt 0:00:38]} 2. Nf3 {[%emt 0:00:06]} e6 {[%emt 0:01:11]} 3. d4 {[%emt 0:00:06]} cxd4 {[%emt 0:00:08]} 4. Nxd4 {[%emt 0:00:02]} Nc6 {[%emt 0:00:10]} 5. Nb5 {[%emt 0:00:05]} d6 {[%emt 0:00:32]} 6. c4 {[%emt 0:00:03]} Nf6 {[%emt 0:00:21]} 7. N1c3 {[%emt 0:00:02]} a6 {[%emt 0:00:26]} 8. Na3 {[%emt 0:00:02]} Be7 {[%emt 0:00:50]} 9. Be2 {[%emt 0:00:04]} b6 {[%emt 0:01:28]} 10. O-O {[%emt 0:00:41]} Bb7 {[%emt 0:00:08]} 11. Be3 {[%emt 0:00:13]} Nb8 {[%emt 0:08:00]} 12. f3 {[%emt 0:00:07]} Nbd7 {[%emt 0:00:07]} 13. Qd2 {[%emt 0:00:52]} O-O {[%emt 0:00:20]} 14. Rfd1 {[%emt 0:00:26]} Qc7 {[%emt 0:04:30]} 15. Rac1 {[%emt 0:03:34]} Rac8 {[%emt 0:01:53]} 16. Bf1 {[%emt 0:00:38]} Qb8 {[%emt 0:05:42]} 17. Kh1 {[%emt 0:02:25]} Rfe8 {[%emt 0:10:00]} 18. Bf4 {[%emt 0:26:28]} Ne5 {[%emt 0:02:04]} 19. Qf2 {[%emt 0:00:25]} Ba8 {[%emt 0:20:15]} 20. Be3 {[%emt 0:06:10]} Bd8 {[%emt 0:05:48]} 21. Na4 {[%emt 0:06:50]} Ned7 {[%emt 0:01:59]} 22. Nc3 {[%emt 0:02:25]} Bc7 {[%emt 0:01:02]} 23. Qg1 {[%emt 0:06:08]} 1/2-1/2

[Event "Selfoss Chess Festival 2019"]
[Site "Selfoss"]
[Date "2019.11.20"]
[Round "2.1"]
[White "Gretarsson, Helgi Ass"]
[Black "Leitao, Rafael"]
[Result "1/2-1/2"]
[WhiteElo "2415"]
[BlackElo "2606"]
[Annotator "TA"]
[PlyCount "55"]
[EventDate "2019.11.19"]
[EventType "tourn"]
[EventCountry "ISL"]
[SourceTitle "playchess.com"]
[Source "ChessBase"]
[SourceQuality "1"]

{[%evp 21,55,7,0,-14,-8,-10,-16,-13,-21,-12,-16,-7,0,0,0,0,0,0,0,0,0,0,2,0,0,0,0,0,0,0,0,0,0,0,0,-10]} 1. Nf3 Nf6 2. c4 e6 3. g3 d5 4. d4 Be7 5. Bg2 O-O 6. O-O c6 7. Qc2 b6 8. Nbd2 Bb7 9. e4 dxc4 10. Nxc4 Nbd7 11. Rd1 c5 {The position is equal.} 12. Ng5 {E09: Closed Catalan: Main Line: 7 Qc2 c6 8 Nbd2} h6 {[#] White must now prevent ...cxd4.} 13. e5 Bxg2 14. exf6 Nxf6 {Strongly threatening ...Bb7.} 15. Kxg2 {Threatens to win with dxc5.} hxg5 16. dxc5 Qc7 17. Bxg5 Qxc5 18. h4 $146 ({Predecessor:} 18. Bxf6 Bxf6 19. Rac1 Rac8 {0-1 (40) Sheng,J (2483)-Liang,A (2599) Greensboro 2019}) 18... Rac8 {[#] Hoping for ...Qc6+.} 19. Rac1 $1 Qc6+ 20. Kg1 b5 21. Ne3 Qxc2 22. Rxc2 Rxc2 23. Nxc2 Rc8 24. Ne3 Kf8 25. Kg2 Ke8 26. Kf3 Nd7 27. Bxe7 Kxe7 28. Ke2 {Accuracy: White = 65%, Black = 90%.} 1/2-1/2

[Event "Selfoss Chess Festival 2019"]
[Site "Selfoss"]
[Date "2019.11.20"]
[Round "2.2"]
[White "Khademalsharieh, Sarasadat"]
[Black "Steingrimsson, Hedinn"]
[Result "1-0"]
[WhiteElo "2491"]
[BlackElo "2549"]
[Annotator "TA"]
[PlyCount "51"]
[EventDate "2019.11.19"]
[EventType "tourn"]
[EventCountry "ISL"]
[SourceTitle "playchess.com"]
[Source "ChessBase"]
[SourceQuality "1"]

{[%evp 20,51,0,0,0,0,0,0,0,0,9,10,28,0,0,-9,-14,-38,-40,-40,-31,-46,-40,-40,-43,-49,0,0,0,0,260,267,5581,5281]} 1. d4 Nf6 2. c4 e6 3. Nf3 d5 4. Nc3 c6 5. e3 Nbd7 6. Qc2 Bd6 7. b3 O-O 8. Be2 b6 9. O-O Bb7 10. Bb2 Qe7 11. Rad1 Rad8 {D45: Semi-Slav: 5 e3} 12. e4 (12. Rfe1 Rfe8 13. e4 Nxe4 14. Nxe4 dxe4 15. Qxe4 Bb4 16. Rf1 Bd6 17. Bd3 f5 18. Qh4 c5 19. d5 Qxh4 20. Nxh4 g6 21. dxe6 Rxe6 22. Nxf5 gxf5 23. Bxf5 {1-0 (56) Giri,A (2780)-Duda,J (2730) chess.com INT 2019}) 12... Nxe4 13. Nxe4 dxe4 {The position is equal.} 14. Qxe4 f5 15. Qc2 Nf6 16. Ne5 c5 17. Qc1 Qc7 {Threatens to win with ...cxd4.} 18. Qe3 Ne4 19. f4 $1 {[#]} g5 $1 {[%mdl 512]} 20. Bd3 $146 (20. fxg5 $2 cxd4 21. Bxd4 Bxe5 $19) ({Predecessor:} 20. Bf3 Qg7 21. Qe2 gxf4 {½-½ (41) Krouzel,J (2298)-Zahour,J (2347) ICCF email 2009}) 20... cxd4 21. Bxd4 gxf4 22. Qxf4 {White wants to play Bxe4.} Rf7 23. Bxe4 Bxe4 24. Qh6 Re7 $2 {[%mdl 8192]} ({Avoid the trap} 24... Bxe5 $2 25. Bxe5 Qc5+ 26. Kh1 $18) (24... Bc5 $1 $11 {and Black stays safe.} 25. Bxc5 Rxd1 26. Rxd1 Qxc5+ 27. Kh1 Bxg2+ 28. Kxg2 Rg7+ 29. Kf3 Qxe5 30. Rd8+ Kf7 31. Rd7+ Kf8) 25. Qf6 $18 {Strongly threatening Nf7!} Bc5 $2 {[#]} (25... Rg7 26. Qxe6+ Qf7 27. Qxf7+ (27. Nxf7 Rxg2+ {[%mdl 64] Double Attack} 28. Kh1 Rxh2+ 29. Kg1 Rg2+ 30. Kh1 Rh2+ 31. Kg1 Rg2+ 32. Kh1 Rh2+ $11) 27... Rxf7 28. Nxf7 Kxf7) 26. Nf7 $1 {[%mdl 576] Pin, Back Rank. Accuracy: White = 81%, Black = 49%.} 1-0

[Event "Selfoss Chess Festival 2019"]
[Site "Selfoss"]
[Date "2019.11.20"]
[Round "2.3"]
[White "Lomasov, Semyon"]
[Black "Zhigalko, Sergei"]
[Result "1-0"]
[WhiteElo "2553"]
[BlackElo "2574"]
[Annotator "TA"]
[PlyCount "73"]
[EventDate "2019.11.19"]
[EventType "tourn"]
[EventCountry "ISL"]
[SourceTitle "playchess.com"]
[Source "ChessBase"]
[SourceQuality "1"]

{[%evp 16,73,18,23,26,23,12,18,74,76,63,28,90,83,95,53,68,49,57,40,31,41,31,39,26,18,43,28,30,23,62,17,90,86,84,79,71,75,71,77,97,89,123,122,138,123,241,229,779,779,1180,1118,1490,1441,2858,2449,29982,29983,29988,29989]} 1. e4 c5 2. Nf3 Nc6 3. Bb5 d6 4. O-O Bd7 5. Re1 Nf6 6. c3 a6 7. Bf1 Bg4 8. d4 cxd4 9. cxd4 e5 {B51: Sicilian: Moscow Variation (3 Bb5+) without 3...Bd7} (9... d5 10. exd5 Nxd5 11. Nc3 e6 12. h3 Bh5 13. g4 Bg6 14. Nxd5 Qxd5 15. Bg2 O-O-O 16. Ne5 Qxd4 17. Qf3 Rd5 18. Nxf7 {1-0 (31) Giri,A (2779)-Mamedyarov,S (2774) Zagreb 2019}) 10. d5 Nd4 11. Be3 Be7 (11... Nxf3+ $1 $11 12. gxf3 Bh5) 12. Bxd4 $16 {[#] Hoping for Be3.} exd4 13. Qxd4 $146 {aiming for e5.} ({Predecessor:} 13. Nbd2 Nd7 14. h3 Bxf3 15. Nxf3 Bf6 16. Qb3 O-O 17. Qxb7 {1-0 (42) Meskovs,N (2440)-Riff,V (2358) Vaujany 2014}) 13... O-O (13... Bxf3 $11 14. gxf3 O-O) 14. Nfd2 Nd7 15. e5 Bf5 16. exd6 Bxd6 17. Nc4 Bc5 18. Qf4 Bg6 19. Nc3 b5 20. Nd2 Nf6 21. Nb3 Bd6 22. Qd4 Qd7 23. Bd3 b4 (23... Rac8 $11) 24. Ne4 $36 {[%mdl 2048] White is in control.} Bxe4 25. Bxe4 a5 26. Bf3 a4 27. Nd2 Rac8 28. Rac1 {[%cal Ba1c1,Bc1c6,Bc6c7][%mdl 32]} Rc7 29. g3 Rfc8 30. Rc6 a3 (30... Bf8 $16 {was called for.} 31. Rc4 Rc5) 31. Nc4 $18 Bxg3 $2 (31... Bf8) 32. Nb6 {[%mdl 64] [#] Double Attack, Discovered Attack} Bxh2+ 33. Kxh2 Qf5 34. Nxc8 Qxf3 35. Rxc7 {White threatens Ne7+ and mate.} h5 36. bxa3 h4 37. Ne7+ {Accuracy: White = 76%, Black = 27%.} 1-0

[Event "Selfoss Chess Festival 2019"]
[Site "Selfoss"]
[Date "2019.11.20"]
[Round "2.4"]
[White "Antipov, Mikhail Al."]
[Black "Stefansson, Hannes"]
[Result "1-0"]
[WhiteElo "2558"]
[BlackElo "2546"]
[Annotator "TA"]
[PlyCount "85"]
[EventDate "2019.11.19"]
[EventType "tourn"]
[EventCountry "ISL"]
[SourceTitle "playchess.com"]
[Source "ChessBase"]
[SourceQuality "1"]

{[%evp 9,85,13,12,10,19,15,18,18,10,18,18,19,15,1,18,1,8,14,33,29,59,53,63,61,73,44,59,69,78,72,78,78,80,77,72,51,43,42,50,37,142,145,147,139,133,138,222,191,326,330,364,402,340,362,335,259,260,231,369,257,390,373,410,400,935,906,812,825,779,652,1369,1324,1688,1635,2891,2401,3335,2981]} 1. e4 e5 2. Nf3 Nf6 3. Nxe5 d6 4. Nd3 Nxe4 5. Qe2 Qe7 6. Nf4 {[#] Threatens to win with Nd5. C42: Petroff Defence: 3 Nxe5 and unusual White 3rd moves} Nf6 7. d4 Qxe2+ 8. Bxe2 {The position is equal.} d5 9. Nc3 {[%cal Bb1c3,Bc3e2,Be2f4][%mdl 32]} c6 10. Bd3 $146 ({Predecessor:} 10. O-O Bd6 11. Bd3 O-O {1-0 (57) Harikrishna,P (2723)-Yu,Y (2751) Shenzhen 2019}) 10... Bd6 11. f3 b6 12. Kf2 O-O 13. g4 (13. a3 {looks sharper.} Na6 14. g4 Nc7 15. h4 Bb7 16. g5) 13... Ba6 (13... Na6 {seems wilder.} 14. a3 Nc7 15. Bd2 Bb7 16. Rae1 g6) 14. Nce2 Bxd3 15. Nxd3 Na6 16. Bf4 Rfd8 17. a4 {[%cal Ba2a4,Ba4a5][%mdl 32]} Bxf4 18. Nexf4 Nd7 19. a5 b5 20. c3 Rac8 21. Rae1 Kf8 22. h4 c5 23. Nxd5 cxd4 24. cxd4 Nf6 (24... Ndb8 $14 25. N3f4 Nc6) 25. Nxf6 $16 gxf6 {[#]} 26. Rc1 $1 $36 {[%mdl 2048] White has strong initiative.} Rc4 27. Nc5 Nxc5 (27... Nb4 $16) 28. dxc5 {[%mdl 4096] Endgame KRR-KRR} Rd2+ (28... Rcd4 $142 29. Rhe1 Rc8) 29. Ke3 $18 Rdc2 30. Rxc2 Rxc2 {KR-KR} 31. b4 Rc4 32. Rb1 Ke7 33. h5 h6 (33... Ke6 {was necessary.} 34. Rd1 Rxb4 35. Rd6+ Ke5) 34. Rb3 f5 (34... Ke6 {is a better defense.} 35. Kd2 f5 36. gxf5+ Kxf5) 35. gxf5 Rh4 36. a6 Rxh5 (36... Rc4 $142 37. f4 Kf6) 37. Ke4 {White is clearly winning.} Rh1 38. Kd5 Kd7 39. Ke5 Ke7 40. Re3 Ra1 41. Kd5+ Kd7 42. c6+ Kd8 43. f6 {Accuracy: White = 78%, Black = 45%.} 1-0

[Event "Selfoss Chess Festival 2019"]
[Site "Selfoss"]
[Date "2019.11.20"]
[Round "2.5"]
[White "Adly, Ahmed"]
[Black "Saduakassova, Dinara"]
[Result "1-0"]
[WhiteElo "2607"]
[BlackElo "2505"]
[Annotator "TA"]
[PlyCount "77"]
[EventDate "2019.11.19"]
[EventType "tourn"]
[EventCountry "ISL"]
[SourceTitle "playchess.com"]
[Source "ChessBase"]
[SourceQuality "1"]

{[%evp 9,76,4,0,9,10,6,8,-26,12,18,21,0,50,47,31,24,45,36,44,35,87,36,116,101,116,83,71,33,85,92,92,84,98,104,172,0,0,0,0,-18,0,0,0,0,0,0,0,0,0,0,0,0,0,3,4,9,68,0,0,0,0,0,0,0,0,0,0,0,29999]} 1. Nf3 Nf6 2. c4 c5 3. Nc3 Nc6 4. b3 (4. g3 d5 5. cxd5 Nxd5 6. Bg2 Nc7 7. O-O g6 8. Na4 Ne6 9. d3 Ncd4 10. Be3 Bg7 11. Rc1 O-O 12. Nxc5 Nf5 13. Nxe6 Bxe6 14. Bc5 Bxb2 15. Rb1 Bg7 16. Rxb7 {1-0 (42) Duda,J (2730)-Xiong,J (2707) Khanty-Mansiysk 2019}) 4... d5 5. cxd5 Nxd5 6. Bb2 {A34: Symmetrical English: 2 Nc3, lines with ...d5} e5 7. e3 {White wants to play Nxd5.} Nxc3 8. Bxc3 {The position is equal.} e4 $146 ({Predecessor:} 8... Bd6 9. Bb5 e4 10. Ne5 Bxe5 11. Bxe5 O-O 12. Bg3 Nb4 {1-0 (36) Froewis,G (2463)-Deglmann,L (2304) Austria 2016}) 9. Ne5 Nxe5 10. Bxe5 Qg5 11. Bb2 Bd7 12. h4 $36 {[%mdl 2048] White fights for an advantage.} Qh6 13. Qc2 Bc6 14. O-O-O O-O-O (14... Be7 $14) 15. g4 ({White should try} 15. d4 $16) 15... Qd6 (15... Kb8 $14) 16. d4 $16 Be7 17. Bc4 cxd4 18. Rxd4 Qc7 ({Black should play} 18... Qg6 $1 $14) 19. Rxd8+ Rxd8 20. Bxg7 f6 21. Kb1 Bb4 (21... Qa5 $16) 22. Be6+ $2 (22. Bxf6 $18 Rd2 23. Qc1 (23. Be6+ Kb8 $16)) 22... Kb8 $11 23. Bh6 Rd2 24. Qc4 $1 {[%cal Rc4b4]} ({Of course not} 24. Bf4 Qxf4 25. exf4 Rxc2 $17) 24... Qa5 ({Not} 24... Qe5 $2 25. Bf4 $18) 25. Bf4+ Ka8 26. a4 Ba3 {[#] ( -> ...Rb2+)} 27. Bf5 Qd8 28. Bxe4 Bxe4+ 29. Qxe4 Qg8 30. Qc4 Qxg4 {And now ...Qf5+ would win.} 31. Bg3 Qxc4 $1 32. bxc4 {[%mdl 4096] Endgame KRB-KRB} h5 (32... b6 $1 $11) 33. f3 (33. a5 $1 $14) 33... b6 34. Bf4 Rb2+ 35. Ka1 {Black must now prevent Bd6!} Rf2 36. Rd1 Rxf3 37. Rd8+ Kb7 38. Rd7+ Kc6 $2 {[%mdl 8192] [#]} (38... Ka6 $11) 39. Rc7# {Accuracy: White = 66%, Black = 49%.} 1-0